<?xml version="1.0" encoding="UTF-8"?>
<record
    xmlns:xsi="http://www.w3.org/2001/XMLSchema-instance"
    xsi:schemaLocation="http://www.loc.gov/MARC21/slim http://www.loc.gov/standards/marcxml/schema/MARC21slim.xsd"
    xmlns="http://www.loc.gov/MARC21/slim">

  <leader>01266nam a2200229Ia 4500</leader>
  <controlfield tag="001">b80-23338 [2147]</controlfield>
  <controlfield tag="003">IT-MiCISF</controlfield>
  <controlfield tag="005">20230329104802.0</controlfield>
  <controlfield tag="008">161014s9999||||xx |||||||||||||| ||und||</controlfield>
  <datafield tag="040" ind1=" " ind2=" ">
    <subfield code="a">IT-MiCISF</subfield>
    <subfield code="c">IT-MiCISF</subfield>
  </datafield>
  <datafield tag="041" ind1=" " ind2=" ">
    <subfield code="a">it</subfield>
  </datafield>
  <datafield tag="100" ind1=" " ind2=" ">
    <subfield code="a"> Willy A., Jamont C. (a cura di)</subfield>
    <subfield code="9">59838</subfield>
  </datafield>
  <datafield tag="245" ind1=" " ind2="0">
    <subfield code="a">Enciclopedia della sessualit&#xE0;. </subfield>
    <subfield code="b">Nuova edizione con XVIII tavole fuori testo</subfield>
  </datafield>
  <datafield tag="260" ind1=" " ind2=" ">
    <subfield code="a">Bologna, </subfield>
    <subfield code="b">Borla, </subfield>
    <subfield code="c">1974</subfield>
  </datafield>
  <datafield tag="300" ind1=" " ind2=" ">
    <subfield code="a">pp. 668</subfield>
  </datafield>
  <datafield tag="500" ind1=" " ind2=" ">
    <subfield code="a"> sessualit&#xE0;, storia, comportamento-sessuale, fecondit&#xE0;, corpo, gravidanza, parto, problemi-sessualit&#xE0;, matrimonio, anziani</subfield>
  </datafield>
  <datafield tag="650" ind1=" " ind2=" ">
    <subfield code="a">sessualit&#xE0;</subfield>
    <subfield code="9">59839</subfield>
  </datafield>
  <datafield tag="654" ind1=" " ind2=" ">
    <subfield code="a">studio</subfield>
  </datafield>
  <datafield tag="700" ind1=" " ind2=" ">
    <subfield code="a">Ford C.S., Pollock R., Nash A., Russel B., Evdokimov P., Mounier E., Burger-Prins H., </subfield>
    <subfield code="a">Schultz J.H., Garat L., Schulte G., Haffter C., Walker K., Barker J., Fischer B., </subfield>
    <subfield code="a">Horney K., Giese H., Marcuse M., Koestler A., Cameron N., Thompson E.</subfield>
    <subfield code="a">Jaspers K., Bain R., Cereti G., Rossi L., Haire N., Williams W., Billings J., </subfield>
    <subfield code="a">Chevalier V., Bolle F., Gilbert G., Henri A., keieffer L., Mergen A., Bunge G., </subfield>
    <subfield code="a">Desoille H., Meng H., Whitaker P., Hasselmann C.M., Hamburger C., Dahn H.,</subfield>
    <subfield code="a">Storup G., Dahl-Iversen E., Dogs W., Siebeke E., Hesse P.</subfield>
    <subfield code="9">59840</subfield>
  </datafield>
  <datafield tag="942" ind1=" " ind2=" ">
    <subfield code="c">BK</subfield>
    <subfield code="2">ddc</subfield>
  </datafield>
  <datafield tag="999" ind1=" " ind2=" ">
    <subfield code="c">209634</subfield>
    <subfield code="d">209634</subfield>
  </datafield>
  <datafield tag="999" ind1=" " ind2=" ">
    <subfield code="b">si</subfield>
  </datafield>
  <datafield tag="952" ind1=" " ind2=" ">
    <subfield code="0">0</subfield>
    <subfield code="1">0</subfield>
    <subfield code="4">0</subfield>
    <subfield code="6">B_8023338_2147</subfield>
    <subfield code="7">1</subfield>
    <subfield code="a">CISF</subfield>
    <subfield code="b">CISF</subfield>
    <subfield code="d">2016-10-14</subfield>
    <subfield code="l">0</subfield>
    <subfield code="o">b80-23338 [2147]</subfield>
    <subfield code="r">2016-10-14 00:00:00</subfield>
    <subfield code="w">2016-10-14</subfield>
    <subfield code="y">BK</subfield>
    <subfield code="z">Data import 15.10.2016 / by Epidotti, Vaglietti</subfield>
  </datafield>
</record>
